000 01261nam a2200373 i 4500
001 196359
003 ES-MaACL
005 20241012063112.0
007 ta
008 240919s2008 sp a | |||| 000 0 spa
017 _aM 39850-2008
_bOficina Depósito Legal Madrid
020 _a9788428819404
035 _a(OCoLC)434253872
035 _a(SpMaBN)a4381762
035 _a991010541269708606
040 _aSpMaBN
_bspa
_cSpMaBN
_erdc
_dES-MaACL
080 _a232
100 _aPagola, José Antonio
_9238771
245 1 0 _aJesús :
_baproximación histórica /
_cJosé Antonio Pagola.
250 _a8ª ed.
260 _aBoadilla del Monte, Madrid :
_bPPC,
_c2008.
300 _a539 p. ;
_c25 cm
336 _2rdacontent
_atexto
337 _2rdamedia
_asin mediación
338 _2rdacarrier
_avolumen
504 _aIncluye referencias bibliográficas
600 0 4 _aJesucristo
_2embne
_966361
852 _aES-MaACL
_cDEPO1
_hDonación: José Manuel Duarte Cendán
_9204062
_jA-15403
903 _9238529
_aDuarte Cendán, José Manuel
_q1
_ednr
942 _n0
_cMONOGRAFIA
999 _c196359
_d196359